000 00259nam a2200121Ia 4500
100 _aAltland/ George
942 _cBK
654 _aPractical Hudraulics
245 _aPractical Hydraulics
260 _bVickers Div.
_aUSA
300 _a35
546 _aENGLISH
999 _c30273
_d30273